zpět

Detail výsledku týmu

Hloupý Honza, Praha

Datum a čas kvízu

24 Celkem bodů Celkový počet nahraných bodů na tomto kvízu bez doplňovacích otázek.
11. Pořadí na kvízu Konečné umístění týmu na tomto kvízu.

Zaznamenané odpovědi

# Otázka Odpověď Body Výsledky
1. Ministr obrany Lubomír Metnar... Vojenská policie 0
2. Italské letovisko, které je ob... Bibione 1
3. V Křižíkově pavilonu v pražský... Pixar 1
4. Společnost Coca-Cola přichází... pomerančová 1
5. V průběhu loňského mistrovství... José Mourinho 1
6. Dlouhé názvy filmů byly v módě... dobrodružství vojáka Ivana 0
5. V roce 1981 natočil režisér Mi... Matěji, proč 1
5. V roce 1964 natočil slavný rež... Dr. Divnoláska 0
5. Francouzsko - španělská komedi... budeme zlí 1
5. V roce 1974 natočil režisér Cl... Hořčice mi stoupá 0